Richtige oder falsche Flagge? #2 - Sudden Death - Statistiken

Allgemein
  • Dieses Quiz wurde 2.017 mal gespielt
    576 seit der letzten Aktualisierung
  • Das Durchschnittsergebnis liegt bei 3 aus 20
Answers on the Grid
Answers color-coded by a green-red scale on the quiz's grid according to % correct below.
 
Antwortstatistiken
Antwort % Korrekt
29%
27%
23%
22%
21%
20%
20%
20%
18%
16%
15%
15%
15%
15%
12%
11%
10%
9%
8%
5%
Keine übereinstimmenden Quizze gefunden
Verteilung der Resultate
Anzahl Personen mit jedem Resultat
Perzentil nach korrekt beantworteten Fragen
Ihre Resultats-Entwicklung
Sie haben dieses Quiz seit der letzten Aktualisierung nicht gespielt